Riconosci il Pokémon - Quiz n°250 - Statistics

Statistiche generali
  • Questo quiz è stato fatto 1 volte
  • Il punteggio medio è 4 su 10
Statistiche sulle risposte
Indizio Risposta % Corretto
Stadio evoluzione Forma Base
100%
Abilità Fugafacile; Sguardofermo; Indagine
100%
Tipo Normale
100%
Generazione Seconda
100%
Altezza 0,8 m
0%
Tasso di cattura 255 (43.9%)
0%
Sesso 50% ♂, 50% ♀
0%
Peso 6,0 kg
0%
Tasso di allevamento Medio-Veloce
0%
Pokémon Sentret
0%
Nessun quiz corrispondente trovato
Distribuzione punteggi
Percentuale di utenti per punteggio
Percentile per numero di risposta
I tuoi punteggi nel tempo
Non hai fatto questo quiz